鳥取県の観光スポットクイズ - Statistics

General Stats
  • This quiz has been taken 101 times
  • The average score is 4 of 15
Answer Stats
Hint Answer % Correct
鳥取の代名詞でもある日本最大級の海岸砂丘。 鳥取砂丘
100%
日本で3番目の国立公園。登山客やスキー客で賑わい、鳥取県最高峰を誇る。 大山
95%
旧国鉄より三セクとして分離した鉄道の終着駅。手動式転車台や給水塔が残り、ピンク色のSLが構内を走る。 若桜
53%
東郷湖畔すれすれに建ち並ぶ温泉街。元々は漢字表記だった。 はわい温泉
40%
境港市にあるベタ踏み坂。 江島大橋
39%
山陰の松島とも呼ばれる海岸。3種類の遊覧船が運行されており、なかでも"うらどめ号"は洞窟内も航行する。 浦富海岸
18%
鳥取県三大河川の1つ。水源は三国山。河口は美保湾。 日野川
16%
山陰・夢みなと万博が開催された境港市竹内団地にあるタワー。 夢みなとタワー
14%
垂直に切り立った絶壁の窪みに建てられた寺院。参拝登山をすることで到達することができる。 三徳山三佛寺投入堂
10%
鳥取市佐治町にある天文台。 さじアストロパーク
9%
鳥取県の花。4月中旬〜下旬に白い花を咲かせる。 二十世紀梨
9%
米子城をモデルにしたお菓子の城。和菓子の製造工場を見学できる。 お菓子の壽城
6%
神話「因幡の白うさぎ」の話で有名な白兎海岸の前にある道の駅。 神話の里白うさぎ
5%
鳥取県名物「ふろしきまんじゅう」の販売店。 山本おたふく堂
4%
のどかな田園風景の中に茅葺小屋。背景には県内最高峰と絶景が広がる江府町の地区。 御机
0%
No matching quizzes found
Score Distribution
Percent of People with Each Score
Percentile by Number Answered
Your Score History
You have not taken this quiz